000 00491nam a2200193Ia 4500
003 0100
008 130303s9999 xx 000 0 und d
040 _cARRUPELIB
050 _aR724.B36 1983
100 _aBeauchamp, Tom L
245 _aPrinciples of biomedical ethics
260 _aOxford
260 _bOxford UP
260 _C1983
300 _a364p
650 _bSpirituality -- Society of Friends -- Addresses
700 _aby T.L. Beauchamp James F. Childress
942 0 0 _011
999 _c24704
_d24704